000 00684nam a2200193Ia 4500
003 GCL
005 20240530103213.0
008 140319s9999 xx 000 0 ara d
040 _aGCL /
_cGCL
082 0 4 _a414.3
_bع خ
100 1 _aعبدالعظيم ابراهيم محمد المطعنى
245 1 0 _aخصائص التعبير القرانى وسماته البلاغية /
_cعبدالعظيم ابراهيم محمد المطعى
260 _aالقاهرة :
_bمكتبة وهبة ؛
_c1992
300 _aمتعدد
_b24 سم
650 0 4 _aاللغة العربية
650 0 4 _aالبلاغة العربية
650 0 4 _aالقران - بلاغة
942 _2ddc
_cBK
999 _c37538
_d37538